书目信息 |
| 题名: |
电磁兼容标准汇编
|
|
| 作者: | ;中国标准出版社第四编辑室 编 | |
| 分册: | ||
| 出版信息: | 北京 中国标准出版社 2007.10 |
|
| 页数: | 262页 | |
| 开本: | 30cm | |
| 丛书名: | ||
| 单 册: | ||
| 中图分类: | TN03-65 | |
| 科图分类: | ||
| 主题词: | 电子设备--结构 | |
| 电子资源: | ||
| ISBN: | 978-7-5066-4695-6 | |
| 000 | 00825nam0 2200217 450 | |
| 001 | 0831377560 | |
| 005 | 20081205084526.57 | |
| 010 | @a978-7-5066-4695-6@dCNY90.00 | |
| 100 | @a20081205d2007 km y0chiy0120 ea | |
| 101 | 0 | @achi |
| 102 | @aCN@b110000 | |
| 200 | 1 | @a电磁兼容标准汇编@Adian ci jian rong biao zhun hui bian@e电力、机动车船产品类卷@f中国标准出版社第四编辑室编@Fzhong guo biao zhun chu ban she di si bian ji shi bian |
| 205 | @a2版 | |
| 210 | @a北京@c中国标准出版社@d2007.10 | |
| 215 | @a262页@d30cm | |
| 517 | 1 | @a电力、机动车船产品类卷@Adian li、ji dong che chuan chan pin lei juan |
| 606 | 0 | @a电子设备@x结构 |
| 690 | @aTN03-65@v4 | |
| 711 | 02 | @a中国标准出版社第四编辑室@Azhong guo biao zhun chu ban she di si bian ji shi@4编 |
| 801 | 0 | @aCN@b山东省滨州职业学院图书馆@c20081205 |
| 905 | @aBZT@dTN03-65@e1@f5 | |
| 电磁兼容标准汇编:电力、机动车船产品类卷/中国标准出版社第四编辑室编.-2版.-北京:中国标准出版社,2007.10 |
| 262页;30cm |
| ISBN 978-7-5066-4695-6:CNY90.00 |
| ● |
| 相关链接 |
|
|
|
正题名:电磁兼容标准汇编
索取号:TN03-65/1
 
预约/预借
| 序号 | 登录号 | 条形码 | 馆藏地/架位号 | 状态 | 备注 |
| 1 | 0687397 | 2000687397 | 样本书库/样004架A面1层1列/ [索取号:TN03-65/1] | 在馆 | |
| 2 | 0687398 | 2000687398 | 中心书库中库/ 中库029架A面7列6层12/ [索取号:TN03-65/1] | 在馆 | |
| 3 | 0687399 | 2000687399 | 中心书库中库/ 中库029架A面7列6层13/ [索取号:TN03-65/1] | 在馆 | |
| 4 | 0687400 | 2000687400 | 中心书库中库/ 中库029架A面7列6层11/ [索取号:TN03-65/1] | 在馆 | |
| 5 | 0687401 | 2000687401 | 中心书库中库/ 中库029架A面7列6层10/ [索取号:TN03-65/1] | 在馆 |